| 000 | 00525nam a2200205 a 4500 | ||
|---|---|---|---|
| 001 | 4140 | ||
| 005 | 20140414131902.0 | ||
| 008 | 090218s19uu xx 00 eng d | ||
| 020 | _a9780810988934 | ||
| 050 |
_aFIC _bK62d 2007 |
||
| 100 | _aKinney, Jeff | ||
| 245 | _aDiary of a Wimpy kid. | ||
| 260 |
_aNew York : _bAmulet Books, _c2007. |
||
| 300 | _a217 | ||
| 500 | _aa novel in cartoon | ||
| 650 |
_aMiddle school- _xfiction. |
||
| 650 |
_aFriendship- _xfiction. |
||
| 650 |
_aDiaries- _xfiction. |
||
| 999 |
_c110696 _d110696 |
||